Les Grecs et la Péninsule Ibérique
Uloženo v:
| Hlavní autor: | |
|---|---|
| Médium: | Kniha |
| Jazyk: | francouzština |
| Vydáno: |
París
Diffusion de Boccard
1991
|
| Edice: | Publications du Centre Pierre Paris,
21 |
| Témata: | |
| Tagy: |
Přidat tag
Žádné tagy, Buďte první, kdo vytvoří štítek k tomuto záznamu!
|
MARC
| LEADER | 00000cam a2200000 a 4500 | ||
|---|---|---|---|
| 001 | UCD5232 | ||
| 003 | CL-VaPUC | ||
| 005 | 20210521001554.0 | ||
| 008 | 160819e19910000fr |||||||||||||||||fre|d | ||
| 999 | |c 365961 |d 365959 | ||
| 040 | |c Pontificia Universidad Católica de Valparaíso | ||
| 082 | 0 | 4 | |a 936.6 ROU 1991 |2 21 |
| 100 | 0 | |a Rouillard, Pierre |e author |9 588961 | |
| 245 | 1 | 4 | |a Les Grecs et la Péninsule Ibérique |
| 260 | |a París |b Diffusion de Boccard |c 1991 | ||
| 300 | |a 467 páginas | ||
| 490 | 0 | |a Publications du Centre Pierre Paris, |v 21 | |
| 500 | |a Incluye sobre con 10 microfichas | ||
| 583 | |a last modification |c 20160819 12:52:00 |k Rodrigo Vera | ||
| 650 | 0 | |a Historia de España |9 315435 | |
| 650 | 0 | |a Historia de Grecia |9 267917 | |
| 942 | |c BK |2 ddc | ||
| 945 | |d 20160819 12:52:00 |a dcastane | ||
| 952 | |0 0 |1 0 |2 ddc |3 erd |4 0 |6 936_600000000000000_ROU_1991 |7 0 |8 A |9 479942 |a BIBHIS |b BIBHIS |i 5338298 |o 936.6 ROU 1991 |p 5338298 |r 2025-01-20 |t 1 |w 2019-11-24 |y BK |z Catalogado en:20160819 |k HIS | ||